Normal view
MARC view
- Ahmad,Dr Nazir
Entry Personal Name
001 - CONTROL NUMBER
- control field: 11551
003 - CONTROL NUMBER IDENTIFIER
- control field: NUST
005 - DATE AND TIME OF LATEST TRANSACTION
- control field: 20180710071006.0
008 - FIXED-LENGTH DATA ELEMENTS
- fixed length control field: 180710|| aca||aabn | a|a d
040 ## - CATALOGING SOURCE
- Original cataloging agency: NUST
- Transcribing agency: NUST
100 ## - HEADING--PERSONAL NAME
- Personal name: Ahmad,Dr Nazir
670 ## - SOURCE DATA FOUND
- Source citation: Work cat.: (NUST): Ahmad,Dr Nazir, Water Resources of Pakistan and Their Utilization , 1993
